000 00394nam a2200133Ia 4500
008 231221s9999 xx 000 0 und d
020 _a978-0-387-77672-9
041 _aEnglish
100 _aHuan Liu, John J. Salerno, Michael J. Young
245 0 _aSocial Computing, Behavioral Modeling, and Prediction
260 _c2008
_bSpringer US
_aNew York
650 _aComputer Science
942 _cEB
999 _c218302
_d218302